Catálogo

EL TIEMPO EN LA EMPRESA EDUCATIVA : (Registro nro. 16558)

Detalles MARC
000 -LEADER
fixed length control field 00538nam a2200169 a 4500
001 - CONTROL NUMBER
control field 16558
005 - DATE AND TIME OF LATEST TRANSACTION
control field 20180713205523.0
008 - FIXED-LENGTH DATA ELEMENTS--GENERAL INFORMATION
fixed length control field 140415s1969 000 0 spa d
041 ## - LANGUAGE CODE
Language code of text/sound track or separate title spa
082 ## - DEWEY DECIMAL CLASSIFICATION NUMBER
Classification number 371.24
Item number ROD
100 1# - MAIN ENTRY--PERSONAL NAME
Personal name RODRIGUEZ RAMOS, LUIS
245 13 - TITLE STATEMENT
Title EL TIEMPO EN LA EMPRESA EDUCATIVA :
Remainder of title COMO SE HACEN LOS DIFERENTES HORARIOS Y CALENDARIOS
260 ## - PUBLICATION, DISTRIBUTION, ETC.
Place of publication, distribution, etc. [s.l.] :
Name of publisher, distributor, etc. UNIVERSIDAD DE NAVARRA,
Date of publication, distribution, etc. 1969
300 ## - PHYSICAL DESCRIPTION
Extent 116
490 ## - SERIES STATEMENT
Series statement ICE EXPERIENCIAS
Volume/sequential designation 1
650 14 - SUBJECT ADDED ENTRY--TOPICAL TERM
Topical term or geographic name entry element ADMINISTRACION ESCOLAR
General subdivision ESCUELAS
-- HORARIOS
Existencias
Withdrawn status Lost status Source of classification or shelving scheme Damaged status Not for loan Collection code Home library Current library Shelving location Date acquired Source of acquisition Inventory number Total Checkouts Full call number Barcode Date last seen Price effective from Koha item type
    Dewey Decimal Classification     General Biblioteca Karol Wojtyla Biblioteca Karol Wojtyla Sala general 03/12/2013 Compra 151000000000000000042859   371.24 ROD 34368 05/01/2026 03/12/2013 Libro
    Dewey Decimal Classification     General Biblioteca Karol Wojtyla Biblioteca Karol Wojtyla Sala general 03/12/2013 Compra 151000000000000000042860   371.24 ROD 40353 05/01/2026 03/12/2013 Libro